000 00843nam a2200241Ia 4500
003 GCL
008 140319s9999 xx 000 0 ara d
020 _a1216705977
040 _aGCL /
_cGCL
082 0 4 _a189.1092
_bب د
100 1 _aبركات محمد مراد
245 1 0 _aدراسات فلسفية لعبقريات اسلامية /
_cبركات محمد مراد
260 _aالقاهرة :
_bمكتبة الانجلوالمصرية ،
_c2006
300 _a225 ص ؛
_c24 سم
650 0 4 _aالحركات الفكرية عند المسلمين
650 0 4 _aالحسن البصرى
650 0 4 _aالفلاسفة المسلمون
650 0 4 _aالفلسفة الاسلامية - تاريخ
650 0 4 _aمسكوية
650 0 4 _aابن الازرق
650 0 4 _aمؤيد الدين العرضى
942 _2ddc
_cBK
999 _c9808
_d9808